All Money in the Bank Ladder Match Competitors - Statistics

General Stats
  • This quiz has been taken 99 times
    35 since last reset
  • The average score is 53 of 109
Answer Stats
Years Competed Wrestler % Correct
MENS MONEY IN THE BANK
100%
WOMENS MONEY IN THE BANK
87%
2012* John Cena
83%
2014*, 2021, 2022 Seth Rollins
83%
2007, 2010, 2013*, 2015, 2019 Randy Orton
78%
2010*, 2011, 2012, 2018 The Miz
78%
2017, 2018 Charlotte Flair
74%
2008*, 2009* CM Punk
74%
2013, 2014, 2016* Dean Ambrose
74%
2010, 2012*, 2014, 2015, 2017 Dolph Ziggler
74%
2010, 2019, 2021, 2022, 2024* Drew McIntyre
74%
2005*, 2007, 2010 Edge
74%
2006, 2007, 2010 Matt Hardy
74%
2011, 2020 Rey Mysterio
74%
2015 Roman Reigns
74%
2010, 2012 Big Show
70%
2019* Brock Lesnar
70%
2011*, 2013, 2020 Daniel Bryan
70%
2007 Jeff Hardy
70%
2005, 2009, 2010*, 2011, 2012, 2015 Kane
70%
2006 Ric Flair
70%
2017, 2020 AJ Styles
65%
2011*, 2016 Alberto Del Rio
65%
2005, 2008, 2010, 2012, 2016 Chris Jericho
65%
2010, 2011, 2012, 2013 Cody Rhodes
65%
2023* Damien Priest
65%
2018, 2019 Finn Balor
65%
2010*, 2011, 2013, 2014 Jack Swagger
65%
2024 Jey Uso
65%
2009, 2010, 2011, 2014, 2015, 2018 Kofi Kingston
65%
2019, 2021* Nikki Cross
65%
2005, 2006, 2008, 2009, 2010 Shelton Benjamin
65%
2021* Big E
61%
2013, 2016 Cesaro
61%
2005, 2009, 2010, 2012, 2013 Christian
61%
2017, 2021, 2023 Shinsuke Nakamura
61%
2020*, 2021, 2022 Asuka
57%
2017, 2018, 2022, 2023 Becky Lynch
57%
2017*, 2019, 2020 Carmella
57%
2005 Chris Benoit
57%
2008, 2010, 2021 John Morrison
57%
2020* Otis
57%
2006*, 2013, 2014 Rob Van Dam
57%
2011, 2013, 2015*, 2022 Sheamus
57%
2019*, 2023 Bayley
52%
2018* Braun Strowman
52%
2016, 2017, 2018, 2021 Kevin Owens
52%
2023, 2024 LA Knight
52%
2007*, 2008 Mr. Kennedy
52%
2018 Sasha Banks
52%
2011, 2013 Wade Barrett
52%
2018*, 2021, 2022 Alexa Bliss
48%
2006 Bobby Lashley
48%
2008 Carlito
48%
2023*, 2024 Iyo Sky
48%
2021, 2022* Liv Morgan
48%
2023 Logan Paul
48%
2008, 2009, 2010 MVP
48%
2018, 2019, 2024 Naomi
48%
2020 Nia Jax
48%
2016, 2017, 2022 Sami Zayn
48%
2024* Tiffany Stratton
48%
2022* Austin Theory
43%
2017*, 2019, 2020 Baron Corbin
43%
2007 Booker T
43%
2024 Chad Gable
43%
2024 Chelsea Green
43%
2006, 2007, 2009 Finlay
43%
2011 Heath Slater
43%
2009, 2010 Mark Henry
43%
2017, 2018, 2019, 2021 Natalya
43%
2011 Justin Gabriel
39%
2012 Santino Marella
39%
2010 Ted DiBiase Jr
39%
2023 Trish Stratus
39%
2020 Aleister Black
35%
2012, 2013* Damien Sandow
35%
2010, 2011 Evan Bourne
35%
2021, 2022 Matt Riddle
35%
2019 Mustafa Ali
35%
2019, 2021, 2023 Ricochet
35%
2018 Samoa Joe
35%
2011, 2012 Sin Cara
35%
2017, 2021 Tamina
35%
2019, 2024 Andrade
30%
2018 Bobby Roode
30%
2019 Mandy Rose
30%
2022 Raquel Rodriguez
30%
2018 Rusev
30%
2024 Carmelo Hayes
26%
2020, 2022 Lacey Evans
26%
2011 R-Truth
26%
2020 Shayna Baszler
26%
2023, 2024 Zoey Stark
26%
2015 Neville
22%
2012 Tyson Kidd
22%
2021, 2023 Zelina Vega
22%
2023 Butch
17%
2019, 2020 Dana Brooke
17%
2018, 2019 Ember Moon
17%
2013 Fandango
17%
2018 Lana
17%
2024 Lyra Valkyria
17%
2022 Omos
17%
2022 Riddick Moss
17%
2023 Santos Escobar
17%
2022 Shotzi
17%
2011 Alex Reilly
4%
2012 Tensei
0%
No matching quizzes found
Score Distribution
Percent of People with Each Score
Percentile by Number Answered
Your Score History
You have not taken this quiz since the last reset